Macroeconomic Adjustments: policy instruments and issues (Record no. 49603)

MARC details
000 -LEADER
fixed length control field 00816nam a2200205 a 4500
008 - FIXED-LENGTH DATA ELEMENTS--GENERAL INFORMATION
fixed length control field 120416s1992 ||||||||||||||||| || u
020 ## - INTERNATIONAL STANDARD BOOK NUMBER
International Standard Book Number 1557753032
050 ## - LIBRARY OF CONGRESS CALL NUMBER
Classification number IMF(02)
100 ## - MAIN ENTRY--PERSONAL NAME
Personal name Davis, Jeffrey M., 1946-
245 10 - TITLE STATEMENT
Title Macroeconomic Adjustments: policy instruments and issues
Statement of responsibility, etc. edited by Jeffrey M. Davis
260 ## - PUBLICATION, DISTRIBUTION, ETC.
Place of publication, distribution, etc. Washington, D.C.:
Name of publisher, distributor, etc. IMF Institute, International Monetary Fund
Date of publication, distribution, etc. 1992
300 ## - PHYSICAL DESCRIPTION
Extent 90p. : ill.
350 ## - PRICE (NR) (BK AM CF MU VM SE) [OBSOLETE]
Price 0.00
500 ## - GENERAL NOTE
General note "August 1992." -Includes bibliographical references.
650 #0 - SUBJECT ADDED ENTRY--TOPICAL TERM
Topical term or geographic name entry element ECONOMIC DEVELOPMENT--AFRICA, SUB-SAHARAN
650 #0 - SUBJECT ADDED ENTRY--TOPICAL TERM
Topical term or geographic name entry element ECONOMIC POLICY
650 ## - SUBJECT ADDED ENTRY--TOPICAL TERM
Topical term or geographic name entry element ECONOMIC STABILIZATION
710 ## - ADDED ENTRY--CORPORATE NAME
Corporate name or jurisdiction name as entry element IMF Institute
995 ## - RECOMMENDATION 995 [LOCAL, UNIMARC FRANCE]
-- 0.00
-- CBU-MAIN LIBRARY (Kitwe)
-- 1
-- 12.50
-- 1
-- AVAILABLE
-- Annex Low-Usage Collection
Holdings
Withdrawn status Lost status Source of classification or shelving scheme Damaged status Not for loan Home library Current library Shelving location Date acquired Total Checkouts Full call number Barcode Date last seen Price effective from Koha item type
          CBU-MAIN LIBRARY, KITWE. CBU-MAIN LIBRARY, KITWE.   11/30/2022   IMF(02) 024558 11/30/2022 11/30/2022 MONOGRAPH